书目信息 |
| 题名: |
驿道驿站史话
|
|
| 作者: | 王子今 著 | |
| 分册: | ||
| 出版信息: | 北京 中国大百科全书出版社 2000 |
|
| 页数: | 177页 | |
| 开本: | 19cm | |
| 丛书名: | 中华文明史话 | |
| 单 册: | ||
| 中图分类: | F632.9 , F512.9 , Z1 | |
| 科图分类: | ||
| 主题词: | 邮政--中国--古代--史料 , 驿站--中国--古代--史料 , 丛书 | |
| 电子资源: | ||
| ISBN: | 7-5000-6313-X | |
| 000 | 00916oam2 2200289 450 | |
| 001 | 1536678775 | |
| 005 | 20151110142456.75 | |
| 010 | @a7-5000-6313-X@dCNY10.00 | |
| 100 | @a20001010d2000 em y0chiy0110 ea | |
| 101 | 0 | @achi |
| 102 | @aCN@b110000 | |
| 105 | @af z 000yy | |
| 200 | 1 | @a驿道驿站史话@9yi dao yi zhan shi hua@f王子今[著] |
| 210 | @a北京@c中国大百科全书出版社@d2000 | |
| 215 | @a177页@c插图@d19cm | |
| 225 | 2 | @a中华文明史话 |
| 330 | @a本书阐述了中国古代驿道和驿站构成的驿传系统,它在各个历史时期服务于军事政治,促进武备的强化和行政的健全;从民间通信形式的进步反映了当时的社会状况。 | |
| 461 | 0 | @12001 @a中华文明史话 |
| 606 | 0 | @a邮政@y中国@z古代@x史料 |
| 606 | 0 | @a驿站@y中国@z古代@x史料 |
| 606 | 0 | @a丛书 |
| 690 | @aF632.9@v5 | |
| 690 | @aF512.9@v5 | |
| 690 | @aZ1@v4 | |
| 701 | 0 | @a王子今@9wang zi jin@f(1950~)@4著 |
| 801 | 0 | @aCN@bTSSF@c20150126 |
| 905 | @aZUCC@dZ1@eJY27:83 | |
| 驿道驿站史话/王子今[著].-北京:中国大百科全书出版社,2000 |
| 177页:插图;19cm.-(中华文明史话) |
| ISBN 7-5000-6313-X:CNY10.00 |
| 本书阐述了中国古代驿道和驿站构成的驿传系统,它在各个历史时期服务于军事政治,促进武备的强化和行政的健全;从民间通信形式的进步反映了当时的社会状况。 |
| ● |
| 相关链接 |
|
|
|
|
正题名:驿道驿站史话
索取号:Z1/JY27:83
 
预约/预借
| 序号 | 登录号 | 条形码 | 馆藏地/架位号 | 状态 | 备注 |
| 1 | 7838014 | 278380146 | 学院路分馆/ [索取号:Z1/JY27:83] | 在馆 | |
| 2 | 7838015 | 278380155 | 学院路分馆/ [索取号:Z1/JY27:83] | 在馆 | |
| 3 | 7838016 | 278380164 | 学院路分馆/ [索取号:Z1/JY27:83] | 在馆 | |
| 4 | 7841974 | 278419748 | 学院路分馆/ [索取号:Z1/JY27:83] | 在馆 |